000 00418nam a2200145 a 4500
001 000031984
005 20200930063331.0
008 110707s1971 dr 000 0 spa d
040 _aDO-SdBNP
_bspa
_cBNPHU
082 _axxxx
_bD313
245 0 0 _aEn defensa de la nación :
_bradio reporte la voz del trópico.
260 _aSanto Domingo :
_bHorizonte de América,
_c1971.
300 _a60 p. ;
_c22 cm.
049 _aBNPD
999 _c31475
_d31475